Pearls of Calligraphy : (Record no. 593532)
[ view plain ]
| 000 -LEADER | |
|---|---|
| fixed length control field | 00346nam a22001337a 4500 |
| 020 ## - INTERNATIONAL STANDARD BOOK NUMBER | |
| International Standard Book Number | 9789693516913 |
| 040 ## - CATALOGING SOURCE | |
| Transcribing agency | NUST |
| 082 ## - DEWEY DECIMAL CLASSIFICATION NUMBER | |
| Classification number | 745.6197 KHU |
| 100 ## - MAIN ENTRY--PERSONAL NAME | |
| Personal name | Gauhar, Khurshid Alam |
| 9 (RLIN) | 109893 |
| 245 ## - TITLE STATEMENT | |
| Title | Pearls of Calligraphy : |
| Remainder of title | The Sacred Art of Islam |
| 260 ## - PUBLICATION, DISTRIBUTION, ETC. | |
| Place of publication, distribution, etc. | LAHORE: |
| Name of publisher, distributor, etc. | SANG-E-MEEL, |
| Date of publication, distribution, etc. | 2016. |
| 650 ## - SUBJECT ADDED ENTRY--TOPICAL TERM | |
| Topical term or geographic name entry element | CALLIGRAPHY |
| 942 ## - ADDED ENTRY ELEMENTS (KOHA) | |
| Source of classification or shelving scheme | |
| Koha item type | Book |
| Withdrawn status | Lost status | Source of classification or shelving scheme | Damaged status | Not for loan | Permanent Location | Current Location | Shelving location | Date acquired | Total Checkouts | Full call number | Barcode | Date last seen | Price effective from | Koha item type |
|---|---|---|---|---|---|---|---|---|---|---|---|---|---|---|
| College of Electrical & Mechanical Engineering (CEME) | College of Electrical & Mechanical Engineering (CEME) | General Stacks | 03/06/2023 | 745.6197 KHU | CEME-50634 | 03/06/2023 | 03/06/2023 | Book |
